| 000 | 01104pab a2200193 454500 | ||
|---|---|---|---|
| 008 | 180718b2007 xxu||||| |||| 00| 0 eng d | ||
| 100 | _aBellwinkel Schempp, Maren | ||
| 245 | _aFrom Bhakti to Buddhism: Ravidas and Ambedkar | ||
| 260 | _c2007 | ||
| 300 | _ap.2177-183. | ||
| 362 | _a9 Jun | ||
| 520 | _aKanpur holds special importance for the dalit movement since it was the cradle of the Adi Hindu movement in Uttar Pradesh. This movement had a strong impact on dalits, especially in the years following Ambedkar's conversion to Buddhism. This article examines how Ravidas became the most popular saint among the dalits in Kanpur and how the dalits accepted Buddhism in the 1980s. It also explains the emergence of Navayana Buddhism, which was conceptualised as the total rejection of Hinduism and was institutionalised with a temple and a Buddhist monk, a governing body of lay persons and a canon of public and private rites. - Reproduced. | ||
| 650 | _aAmbedkar, B.R. | ||
| 650 | _aRavidas | ||
| 650 | _aBuddhism | ||
| 773 | _aEconomic and Political Weekly | ||
| 908 | _aN | ||
| 909 | _a74256 | ||
| 999 |
_c74256 _d74256 |
||